| 000 | 00497 a2200193 4500 | ||
|---|---|---|---|
| 005 | 20250428152555.0 | ||
| 008 | 250428b |||||||| |||| 00| 0 eng d | ||
| 020 |
_a9788181923134 _cRs. 1680.00 |
||
| 040 | _aMAIN | ||
| 082 |
_a660.602463 _bG239A(2) |
||
| 100 | _aGautam,V K | ||
| 245 | _aAgricultural biotechnology | ||
| 250 | _a2nd | ||
| 260 |
_bSublime Publications _c2022 _aJaipur |
||
| 300 | _avi, 312 | ||
| 650 | _aBiotechnology | ||
| 650 | _aAgriculture Biotechnology | ||
| 942 | _cBK | ||
| 999 |
_c359052 _d359052 |
||